[Event "150 Years SG Braunschweig"]
[Site "Brunswick"]
[Date "2019.10.23"]
[Round "4.3"]
[White "Lubbe, Melanie"]
[Black "Buckels, Valentin"]
[Result "0-1"]
[WhiteElo "2242"]
[BlackElo "2442"]
[Annotator "TA"]
[PlyCount "220"]
[EventDate "2019.10.21"]
[EventType "tourn"]
[EventCountry "GER"]
[SourceTitle "playchess.com"]
[Source "ChessBase"]
[SourceQuality "1"]

{[%evp 21,220,0,0,0,0,0,35,36,38,0,0,0,10,23,0,11,29,34,87,18,29,0,2,13,29,12,18,0,0,0,0,-15,-19,-32,34,-44,-52,-44,-36,-41,-56,-63,-55,-56,-58,-65,-48,-41,0,-75,-58,-75,-93,-69,0,-76,0,-76,-79,-102,-85,-93,-94,-88,-75,-207,-98,-88,-91,-122,-36,-30,-37,-66,-47,-100,-83,-100,-96,-77,-75,-202,-202,-202,-202,-202,-206,-204,-204,-206,-205,-205,-206,-212,-212,-279,-279,-279,-279,-574,-578,-635,-620,-922,-9278,-12529,-12429,-1256,-539,-463,-463,-6011,-5090,-12817,-10339,-12819,-82,-301,-295,-925,-1027,-869,-787,-731,-752,-12828,-12824,-12824,-12821,-12820,-12822,-12822,-12824,-12833,-681,-539,-91,-12829,-12825,-12829,-12830,-12830,-12831,-12830,-12831,-12834,-12831,-12827,-5535,-12831,-12831,-12829,-12820,-12833,-12833,-12835,-12835,-12836,-12836,-12837,-12837,-12837,-12837,-12837,-12838,-12850,-12851,-12851,-27999,-12851,-12851,-12851,-12851,-12851,-12851,-12851,0,0,0,0,0,0,0,0,0,0,0,0,0,-12851,-12851,-27995,-27995,-27996,-27996,-27997,-27997,-27998,-27998,-27995,-27995]} 1. e4 c6 2. d4 d5 3. Nc3 {[%cal Bb1c3,Bc3e4,Be4g5][%mdl 32]} dxe4 4. Nxe4 Nd7 5. Ng5 Ngf6 6. Bd3 e6 7. Qe2 Bd6 8. N1f3 h6 9. Ne4 Nxe4 10. Qxe4 Qc7 11. Bd2 b6 12. O-O-O {B17: Caro-Kann: Modern Line (4...Nd7)} Bb7 13. Kb1 (13. Qe2 O-O-O 14. Ba6 Rhe8 15. Rhe1 Bxa6 16. Qxa6+ Kb8 17. Qe2 e5 18. Kb1 e4 19. Nh4 Bf4 20. Bxf4 Qxf4 {0-1 (48) Ortiz Suarez,I (2609)-Vachier Lagrave,M (2719) Tromsoe 2013}) 13... O-O-O (13... c5 $5 {[%cal Rb7e4]} 14. Qg4 Kf8 $11) 14. Rhe1 {White is slightly better.} Kb8 $146 ({Predecessor:} 14... c5 15. Qe2 Kb8 16. Bc3 Rhg8 17. Bh7 Rh8 18. Bd3 Rhg8 19. Bh7 Rh8 {½-½ (19) Gross,D (2465)-Meduna,E (2482) Czechia 2001}) 15. Qg4 g5 {With the idea ...Nf6.} 16. Qe4 Rc8 17. Qe2 c5 18. Ne5 Nf6 19. dxc5 Bxc5 (19... Bxe5 $1 $14 20. cxb6 (20. Qxe5 Qxe5 21. Rxe5 Nd7 $11) 20... axb6 21. Qxe5 Qxe5 22. Rxe5 Ng4) 20. f4 ({White should try} 20. Bc3 $1 $16) 20... Nd5 $11 21. fxg5 hxg5 22. g3 Bd6 23. Nc4 Be7 24. Rf1 Ba6 {[%cal Ra6c4]} 25. Ne3 Bxd3 26. Qxd3 Rhd8 {...Nxe3 is the strong threat.} 27. Qb3 Nf6 (27... Nxe3 $15 28. Bxe3 Rxd1+ 29. Rxd1 Qc6) 28. a3 (28. Bc1 $14) 28... Ne4 $15 29. Bc1 Nc5 30. Qb5 f5 31. Rxd8 Bxd8 32. Rd1 Bf6 33. Qc4 Qe5 34. Qb4 Qc7 35. Qc4 a6 36. Qb4 Ne4 37. Qb3 Nc5 38. Qb4 $1 Ne4 39. Qb3 $1 {[%cal Rb3e6]} Qc6 40. Qd3 b5 41. Qb3 Ka8 42. Re1 a5 43. Nd1 (43. c3 $17) 43... Bd4 (43... a4 $1 $19 {[%cal Ra4b3]} 44. Qd3 g4) 44. Qd3 $17 Rd8 45. g4 Rd7 ({Black should play} 45... Bf6 $17 46. Qe2 Kb7) 46. gxf5 $15 exf5 47. Qb3 f4 {[#]} 48. Qg8+ (48. h4 $1 $15 {[%mdl 512]}) 48... Kb7 $1 $17 49. Qe8 Nf6 50. Qg6 f3 $36 {[%mdl 2048] Black is on the roll.} 51. Bxg5 (51. Qxg5 $17 {was worth a try.} f2 52. Rf1) 51... f2 $19 52. Rf1 {next Bxf6 is good for White.} Ne4 53. Qxc6+ Kxc6 54. h4 Rf7 55. Nxf2 Bxf2 56. Rd1 Rf5 57. Bd8 a4 $1 58. c3 Bc5 59. Rh1 Rd5 60. Ba5 $2 (60. Bg5) 60... Nd2+ 61. Ka2 Nc4 62. Bb4 Bxb4 63. cxb4 {[%mdl 4096] Endgame KRN-KR} Rd2 64. h5 Nxb2 (64... Rxb2+ $142 65. Ka1 Rd2) 65. h6 Nc4+ 66. Ka1 (66. Kb1 $142 Nxa3+ 67. Kc1) 66... Rd8 67. h7 Rh8 68. Ka2 Nd6 $2 (68... Kd6 $19 {aiming for ...Ke5.} 69. Rh5 Ke6) 69. Kb2 $2 (69. Rh5 $17) 69... Kd5 $1 70. Rh5+ $2 {[#]} (70. Kc3) 70... Kd4 $1 71. Ka2 Ke4 72. Kb2 Nf5 73. Ka2 Kf4 74. Kb2 {[#]} Kg4 $1 {[%cal Rg4h5]} 75. Rh1 Kg5 76. Kc3 Kg6 77. Kd3 Rd8+ (77... Rxh7 $142 78. Rg1+ Kf6) 78. Kc3 Nh6 $2 (78... Kg7 $19 {is more deadly.} 79. Rh3 Rh8) 79. h8=Q $4 {[%mdl 8192]} (79. Rd1 $17 Rc8+ 80. Kb2) 79... Rxh8 80. Rg1+ Kf6 81. Kd4 Rc8 82. Kd5 Nf5 83. Rf1 Rc3 84. Rf2 Kg5 85. Rg2+ Kf4 {( -> ...Ne3+)} 86. Rf2+ Kg4 87. Rg2+ {[#]} Kf3 $1 88. Rh2 Ne3+ 89. Kd4 Rc4+ 90. Kd3 Nd5 91. Rh3+ Kg4 92. Rh8 Nxb4+ 93. axb4 Rxb4 {KR-KR} 94. Kc3 Rb3+ 95. Kc2 Kf4 96. Re8 b4 97. Ra8 Rc3+ 98. Kb2 a3+ $2 (98... Ra3 $19 {And now ...Ke3 would win.} 99. Ra7 Ke3 100. Re7+ Kd4 101. Rd7+ Kc5) 99. Ka2 $11 Ke3 100. Rb8 Rc2+ 101. Kb1 Rc4 {Threatens to win with ...Kd3.} 102. Ka2 Kd2 103. Kb3 Rd4 {Strongly threatening ...Kc1.} 104. Rc8 Kd1 {Hoping for ...Rd2.} 105. Rc7 $2 {[%mdl 8192]} (105. Rg8 $11) 105... Rd2 $19 106. Kxb4 a2 {Black mates.} 107. Ra7 Kc1 108. Kc3 Rc2+ 109. Kd3 Kb1 110. Rh7 a1=Q {Accuracy: White = 42%, Black = 57%.} 0-1

[Event "150 Years SG Braunschweig"]
[Site "Brunswick"]
[Date "2019.10.23"]
[Round "4.4"]
[White "Krasenkow, Michal"]
[Black "Pajeken, Jakob Leon"]
[Result "0-1"]
[WhiteElo "2622"]
[BlackElo "2323"]
[Annotator "TA"]
[PlyCount "70"]
[EventDate "2019.10.21"]
[EventType "tourn"]
[EventCountry "GER"]
[SourceTitle "playchess.com"]
[Source "ChessBase"]
[SourceQuality "1"]

{[%evp 9,137,-96,-111,-129,-133,-139,-108,-109,-105,-103,-103,-112,-118,-113,-106,-152,-109,-104,-104,-126,-106,-105,-106,-104,-102,-163,-137,-137,-91,-123,-39,-70,-71,-78,-81,-100,-97,-81,12,0,46,33,95,-150,-160,-155,-160,-200,-170,-166,-160,-253,-248,-236,-233,-238,-238,-223,-229,-228,-223,-222,-226,-226,-217,-227,-208,-253,-254,-352,-348,-531,-300,-278,0,-460,-353,-506,-498,-491,-484,-598,-545,-605,-603,-593,-576,-1106,-618,-594,-571,-29990,-29991,-29992,-698,-697,-665,-697,-707,-8612,-9551,-4782,-4686,-1829,-603,-1090,-1080,-1008,-984,-29969,-29970,-10816,-3675,-1839,-1001,-1784,-978,-29980,-12795,-7556,-9991,-6226,-6226,-6113,-6111,-5591,-2067,-6629,-6099,-1102]} 1. d4 d5 2. Nc3 Nf6 3. Bg5 Nbd7 4. Qd2 c6 (4... h6 5. Bh4 g6 6. O-O-O Bg7 7. f3 O-O 8. e4 c6 9. Kb1 b5 10. Bd3 b4 11. Nce2 a5 12. e5 {0-1 (37) Koneru,H (2607)-Kosintseva,T (2496) Beijing 2013}) 5. O-O-O b5 {[%cal Bb7b5,Bb5b4][%mdl 32]} 6. f3 {D01: Veresov Opening} b4 7. Nb1 a5 $146 ({Predecessor:} 7... Qa5 8. e4 dxe4 9. Bc4 e6 10. h4 Ba6 11. Bb3 Be7 {0-1 (22) Fang,J (2419)-Tapper,L (2279) Worcester 1989}) 8. e4 {Black is better.} dxe4 9. Qe1 exf3 10. Nxf3 Qc7 11. Nbd2 e6 12. Qh4 Be7 13. Nc4 Ba6 14. Nce5 Nxe5 15. dxe5 Nd5 16. Bxa6 Rxa6 17. Rd4 (17. Bxe7 $17 Qxe7 18. Qg3) 17... Bc5 18. Rc4 Qa7 19. Nd2 Be3 ({Better is} 19... Ne3 $17 20. Bxe3 Bxe3) 20. Bxe3 Nxe3 21. Rd4 {[%csl Gd4][%cal Rh4d8]} Qe7 22. Qe4 Nf5 $36 {[%mdl 2048] Keeping White busy.} 23. Rd3 h5 (23... O-O $17) 24. Qc4 $11 Rb6 {[%cal Ba6b6,Bb6b5,Bb5e5,Be5e4][%mdl 32]} 25. Ne4 $1 O-O (25... Qc7 $14) 26. h4 $2 (26. g4 $1 $16 {is necessary to keep the advantage.} Nh6 27. Rh3) 26... Rb5 $17 27. Qxc6 Rxe5 28. g3 Qe8 29. Qxe8 Rxe8 30. Ng5 (30. Nd6 $17 {was called for.} Nxd6 31. Rxd6) 30... f6 $19 31. Nh3 Re4 32. Rf1 Rc8 33. Nf4 Nd4 34. Rf2 e5 35. Nd5 {Black must now prevent Ne7+.} Rd8 {Played: Rc8-c5} 0-1

[Event "150 Years SG Braunschweig"]
[Site "Brunswick"]
[Date "2019.10.23"]
[Round "4.5"]
[White "Lubbe, Nikolas"]
[Black "Ovsejevitsch, Sergei"]
[Result "1/2-1/2"]
[WhiteElo "2431"]
[BlackElo "2617"]
[Annotator "TA"]
[PlyCount "85"]
[EventDate "2019.10.21"]
[EventType "tourn"]
[EventCountry "GER"]
[SourceTitle "playchess.com"]
[Source "ChessBase"]
[SourceQuality "1"]

{[%evp 21,85,-9,-1,-31,-18,-35,-26,-22,-28,-34,-24,-35,-17,-14,-17,-35,-31,-32,-15,-29,-29,-16,-16,-23,-4,-33,-20,-61,-35,-74,0,0,0,-144,-144,-144,-140,-139,-108,-125,-127,-325,-160,-340,-149,-123,-80,-277,-212,-233,-233,-222,-106,-185,-183,-186,-186,-258,-160,-131,-131,-131,-124,-160,-161,-160]} 1. c4 e5 2. g3 c6 3. d4 exd4 4. Qxd4 d5 5. Bg2 Nf6 6. Nf3 Be7 7. cxd5 cxd5 8. O-O O-O 9. Qd1 Nc6 10. Nbd2 Bc5 11. Nb3 Bb6 12. Nfd4 {D30: Queen's Gambit Declined: Systems without Nc3} (12. Nbd4 Re8 13. b3 Bg4 14. Bb2 Ne4 15. Rc1 Rc8 16. Rc2 Qd6 17. a3 h5 18. b4 h4 19. Nxc6 Rxc6 20. Nd4 Rxc2 21. Qxc2 hxg3 22. hxg3 Nxg3 23. fxg3 Rxe2 {½-½ (29) Rakhmanov,A (2670)-Shimanov,A (2623) Sochi 2017}) 12... Bg4 13. h3 Bh5 $146 ({Predecessor:} 13... Be6 14. Kh2 Re8 15. Bf4 a6 16. Rc1 Rc8 17. Nxc6 bxc6 18. Nc5 Ra8 19. Qa4 Qc8 {1-0 (41) Eckhardt,C (2154)-Voigt,I Chemnitz 1999}) 14. g4 {Black has an edge.} Bg6 15. Bg5 Qd6 16. e3 Ne4 17. Bf4 Qf6 18. Rc1 Rac8 19. Bh2 h6 20. f4 Bh7 21. f5 h5 22. Bf4 hxg4 23. hxg4 Rfe8 24. a3 Qh4 25. Qf3 Nd2 (25... Nxd4 $17 26. Nxd4 Nd2) 26. Nxd2 $11 {Threatens to win with N2b3.} Nxd4 27. Rxc8 (27. Qf2 $11 {was the only way to keep the balance.} Qxf2+ 28. Kxf2) 27... Nxf3+ $17 28. Nxf3 {[%cal Rc8e8]} Qe7 $36 {[%mdl 2048] Black is really pushing.} 29. Rxe8+ Qxe8 30. Kf2 g6 31. Rd1 $2 (31. f6 $17) 31... gxf5 (31... Qa4 $19 {and Black stays clearly on top.} 32. Rd4 Bxd4 33. Nxd4 gxf5) 32. g5 $2 (32. Rxd5 $17 Qc8 33. g5) 32... Qb5 (32... Qa4 $19 33. Rd4 Bxd4 34. Nxd4 Qa5) 33. Rd2 Qc4 {White must now prevent ...Qxf4.} 34. Kg3 $2 (34. Nd4 $17 {is the only way for White.}) 34... Bc7 35. Ne5 Bxe5 36. Bxe5 {[#]} f4+ $1 37. exf4 (37. Bxf4 $17 Be4 38. Rd4) 37... Be4 $19 38. Bxe4 Qxe4 ({Worse is} 38... dxe4 39. Rd8+ Kh7 40. Rh8+ Kg6 41. Rh6+ Kf5 42. Rf6#) 39. Rh2 (39. Kf2 $142) 39... Kf8 40. Rh8+ Ke7 41. Bf6+ Kd6 42. Be5+ Kd7 43. Rh6 {Accuracy: White = 40%, Black = 45%.} 1/2-1/2

[Event "150 Years SG Braunschweig"]
[Site "Brunswick"]
[Date "2019.10.23"]
[Round "5.1"]
[White "Ovsejevitsch, Sergei"]
[Black "Gajek, Radoslaw"]
[Result "1/2-1/2"]
[WhiteElo "2617"]
[BlackElo "2411"]
[Annotator "TA"]
[PlyCount "67"]
[EventDate "2019.10.21"]
[EventType "tourn"]
[EventCountry "GER"]
[SourceTitle "playchess.com"]
[Source "ChessBase"]
[SourceQuality "1"]

{[%evp 11,67,-2,1,-4,16,8,24,19,30,27,37,25,26,23,36,22,18,0,0,0,0,0,39,37,37,37,78,41,41,41,41,41,41,41,41,39,67,24,25,0,9,0,5,5,11,0,9,0,0,0,0,0,1,0,0,0,0,0]} 1. Nf3 d5 2. d4 Bf5 3. c4 e6 4. Qb3 Nc6 5. Bd2 Rb8 6. e3 Nf6 7. Bd3 {D06: Queen's Gambit: Symmetrical and Baltic Defences} Ne4 8. a3 $146 ({Predecessor:} 8. O-O Bd6 9. Rc1 O-O 10. Be1 Bg6 11. Na3 a6 12. Rab1 Kh8 13. Qd1 f5 14. c5 Be7 {0-1 (42) Krishna,C (2367)-Fodor,T (2491) London 2015}) 8... Be7 9. Qc2 {White has an edge.} Bg6 10. O-O Bf6 11. Rd1 O-O 12. Be1 Re8 13. b4 e5 {[%cal Re5d4]} 14. dxe5 Nxe5 15. Nxe5 Bxe5 16. Nc3 Bxc3 17. Bxc3 dxc4 $1 18. Bxc4 Qh4 19. Rd4 Rbd8 20. Rad1 Nxc3 21. Qxc3 Qf6 22. Bf1 Rxd4 23. Rxd4 c6 24. Qd2 Bf5 25. f3 Be6 {The position is equal.} 26. e4 Qe7 27. Qc3 Rd8 28. f4 g6 29. h3 Qc7 30. Rxd8+ Qxd8 31. Be2 Qd6 32. Qf6 {[#] f5 is the strong threat.} Qd2 33. Bf3 b6 34. Qe5 {Accuracy: White = 45%, Black = 54%.} 1/2-1/2

[Event "150 Years SG Braunschweig"]
[Site "Brunswick"]
[Date "2019.10.23"]
[Round "5.2"]
[White "Pajeken, Jakob Leon"]
[Black "Lubbe, Nikolas"]
[Result "0-1"]
[WhiteElo "2323"]
[BlackElo "2431"]
[Annotator "TA"]
[PlyCount "160"]
[EventDate "2019.10.21"]
[EventType "tourn"]
[EventCountry "GER"]
[SourceTitle "playchess.com"]
[Source "ChessBase"]
[SourceQuality "1"]

{[%evp 9,160,0,12,-1,0,0,0,0,0,0,0,0,0,0,2,-5,0,-9,-8,-22,-15,-19,0,-33,-31,-47,-36,-51,-55,-99,-104,-97,-98,-102,-70,-96,-92,-90,-84,-85,-82,-85,-82,-93,-92,-93,-89,-95,-101,-110,-116,-140,-134,-158,-161,-157,-153,-154,-114,-146,-153,-159,-174,-194,-143,-188,-145,-136,-103,-139,-130,-152,-166,-335,-312,-335,-332,-294,-213,-213,-212,-211,-183,-207,-211,-238,-204,-238,-245,-360,-73,-202,-211,-206,-207,-189,-206,-202,-169,-151,-33,-63,-1,-1370,-1088,-12830,-12831,-12831,-12831,-12832,-12832,-12833,-12833,-12833,-12827,-12834,-12835,-12835,-12835,-12839,-12838,-12839,-12839,-12841,-12841,-12841,-12840,-12841,0,-12841,-12837,-12837,-12838,-12839,-12839,-12844,-12844,-12845,-12846,-12846,-12845,-12849,-12844,-12845,-12844,-12851,-29980,-12851,-27999,-12851,-29984,-12851,-29986]} 1. d4 Nf6 2. Nf3 d5 3. Bf4 e6 4. e3 Bd6 5. c3 O-O 6. Nbd2 {D02: 1 d4 d5 2 Nf3 sidelines, including 2...Nf6 3 g3 and 2...Nf6 3 Bf4} b6 7. Bd3 Bxf4 (7... Bb7 8. a4 c5 9. a5 Qc7 10. Bxd6 Qxd6 11. Ne5 c4 12. Bc2 b5 13. f4 Nbd7 {1-0 (28) Artemiev,V (2692)-Radjabov,T (2742) Tbilisi 2017}) 8. exf4 {The position is equal.} Ba6 9. Bxa6 Nxa6 10. Qe2 Qc8 11. O-O c5 12. Rfc1 $146 ({Predecessor:} 12. Rfe1 Qb7 13. Rad1 Rfc8 14. Nf1 {1-0 (26) Marzano,C (2175)-Chiaretti,R (2150) Italy 1997}) 12... Qb7 13. Ne5 cxd4 14. cxd4 Rfc8 15. Qb5 Ne8 16. a3 Nd6 17. Qd3 Nc7 18. b4 Nce8 19. b5 a6 20. Rxc8 Qxc8 21. bxa6 Rxa6 22. Nc6 Qa8 23. Nb4 Ra4 24. Nc2 g6 25. Rb1 Qc6 26. g3 Ra8 27. Kg2 Rc8 28. Ne3 b5 29. Kf1 Nc4 30. Rb3 Ned6 31. Ke2 Ra8 32. Qc3 Qa6 33. Nc2 Qa4 {Strongly threatening ...Nxd2.} 34. f3 Rc8 {Threatens to win with ...Nxd2.} 35. Qb4 Qa7 36. Rc3 Qd7 (36... Nf5 $19 37. Nb3 h5) 37. Nb3 Ra8 38. Nc5 Qa7 39. Rb3 h5 40. Rc3 {[#]} h4 $1 {[%mdl 512]} 41. Rd3 $2 (41. g4) (41. gxh4 Qe7) 41... hxg3 $19 42. hxg3 Kg7 43. Kf2 Qb8 44. Kg2 Qh8 {aiming for ...Qh5.} 45. Qb1 Qh5 46. Qh1 Qf5 $1 47. Qh3 Qf6 $1 {...Rh8 is the strong threat.} 48. Qg4 {and the idea Qg5 leaves White hopeful.} Qe7 49. Qg5 {[#]} (49. Qh4 $142 Qxh4 50. gxh4) 49... Qa7 $2 (49... f6 $1 $19 {[%cal Rf6g5] and Black stays clearly on top.} 50. Qh4 Rh8) 50. Ne3 (50. g4 $17) 50... Nxe3+ 51. Rxe3 {Black must now prevent Qe5+.} Nf5 {[%mdl 64] Double Attack} 52. Nxe6+ fxe6 53. Rxe6 Qf7 54. Rb6 {[#]} Re8 ({And not} 54... Rxa3 55. g4 $11) ({Better is} 54... Ne3+ $1 $17 55. Kg1 Nc4 56. Rxb5 Qd7) 55. g4 $1 $15 {[%cal Rg4f5]} Re2+ ({Black should play} 55... Ne3+ $1 $15 56. Kf2 Nd1+ 57. Kg3 Re6) 56. Kh3 $2 {[%mdl 8192]} (56. Kf1 $11 Nxd4 57. f5) 56... Nxd4 $19 57. f5 {[#]} Rh2+ $1 {[%mdl 512]} 58. Kg3 (58. Kxh2 Nxf3+) 58... Qc7+ {[%mdl 64] Double Attack} 59. f4 Qc3+ {[%mdl 64] Double Attack} 60. Kxh2 {[%mdl 4096] Endgame KQR-KQN} Nf3+ {[%mdl 64] Double Attack} 61. Kg2 Nxg5 62. Rxg6+ Kf7 63. fxg5 {KQ-KR} Qb2+ 64. Kf1 Qxa3 65. Rf6+ Ke7 66. Re6+ Kd7 67. Kg2 Qa2+ 68. Kg3 Qa3+ 69. Kg2 $1 Qb2+ 70. Kg3 Qc3+ 71. Kf4 Qd2+ 72. Ke5 Qxg5 73. Rd6+ Ke7 {( -> ...Qe3+)} 74. Re6+ Kf7 75. Rd6 Qxg4 {[%csl Gd5][%cal Rg4e4]} 76. Rd7+ Ke8 77. Rxd5 b4 {[%cal Bb5b4,Bb4b3][%mdl 32]} 78. Rd4 Qg3+ 79. Kd5 b3 80. Rb4 Qc3 {Accuracy: White = 38%, Black = 61%.} 0-1

[Event "150 Years SG Braunschweig"]
[Site "Brunswick"]
[Date "2019.10.23"]
[Round "5.3"]
[White "Buckels, Valentin"]
[Black "Krasenkow, Michal"]
[Result "1/2-1/2"]
[WhiteElo "2442"]
[BlackElo "2622"]
[Annotator "TA"]
[PlyCount "116"]
[EventDate "2019.10.21"]
[EventType "tourn"]
[EventCountry "GER"]
[SourceTitle "playchess.com"]
[Source "ChessBase"]
[SourceQuality "1"]

{[%evp 9,116,19,71,34,34,34,52,64,62,60,44,47,129,131,146,118,122,108,104,93,140,119,164,110,140,148,139,149,155,131,135,147,139,141,138,130,116,129,131,123,127,127,163,163,179,161,168,152,238,112,182,157,255,158,214,115,118,126,99,72,80,0,0,0,0,0,0,0,0,0,0,0,11,0,0,0,0,0,45,45,51,51,51,45,51,45,45,16,51,45,51,51,51,51,51,51,51,0,0,0,0,0,0,0,0,0,0,0,0]} 1. d4 g6 2. Nf3 Bg7 3. g3 c5 4. d5 b5 5. e4 Qa5+ (5... Nf6 $11) 6. c3 {A40: Unusual replies to 1 d4} (6. Bd2 $5 {[%cal Rd2a5]} Qb6 7. Nc3 $14) 6... d6 $146 ({Predecessor:} 6... Bb7 7. Nbd2 Nf6 8. a4 a6 9. Qc2 O-O 10. Bh3 e6 11. dxe6 dxe6 12. O-O c4 {0-1 (31) Penttinen,J (2258)-Kurnosov,I (2660) Eilat 2012}) 7. Bg2 Nf6 8. e5 {White is slightly better.} dxe5 $1 9. Nxe5 {d6 is the strong threat.} Bb7 10. O-O Qb6 (10... O-O $1 $14) 11. a4 $1 $16 a6 12. a5 $36 {[%mdl 2048] White is in control.} Qc7 13. Bf4 Qc8 14. Re1 O-O 15. c4 $1 b4 16. Nd3 ({White should play} 16. Nd2 $18) 16... Re8 17. Nd2 Nbd7 18. Nb3 Bf8 19. Be3 {[%cal Rd3c5]} e6 20. dxe6 Rxe6 21. Bxb7 Qxb7 22. Nbxc5 Nxc5 23. Nxc5 Bxc5 24. Bxc5 Rxe1+ 25. Qxe1 b3 26. Bd4 Re8 27. Qc3 ({Worse is} 27. Bxf6 Rxe1+ 28. Rxe1 Qc6 $11) 27... Ne4 28. Re1 {Black must now prevent f3.} f5 {[#]} (28... Re6 $16 29. Qf3 f6) 29. Qd3 (29. Qc1 $1 $18 {and White stays clearly on top.}) 29... Rd8 (29... Kf7 $16 {is a better defense.} 30. Bc3 Nc5) 30. Qe3 $18 Qc6 (30... Qb4 $16 31. Bb6 Re8) 31. Rc1 Kf7 (31... Re8 $16 {was called for.} 32. c5 Qd5) 32. f3 ({Better is} 32. c5 $18) 32... Ng5 $16 33. Qxg5 Rxd4 {[%mdl 4096] Endgame KQR-KQR} 34. Qh6 Qc5 {[#] aiming for ...Rh4+.} 35. Qxh7+ (35. Kg2 $1 $16 Qf8 36. Qe3 (36. Qxh7+ Qg7 $16)) 35... Kf6 $11 36. Qh8+ Kf7 $1 37. Qh7+ Kf6 {( -> ...Rd1+!)} 38. Kh1 Rxc4 39. Qh8+ Kf7 40. Qh7+ Kf6 41. Qh4+ (41. Re1 {keeps more tension.} Rc1 42. Qh8+ Kf7 43. Qe8+ Kg7 44. h4) 41... Rxh4 42. Rxc5 {KR-KR} Rd4 $1 43. Rc6+ Kg7 44. Rxa6 Rd2 45. Rb6 Rxb2 46. a6 Ra2 47. Rxb3 {Hoping for Rb7+.} Rxa6 48. Rb2 Ra3 49. Kg2 Kh6 50. h4 Rc3 51. Rb8 Ra3 52. f4 Ra1 53. h5 (53. Re8 $14) 53... gxh5 {The position is equal.} 54. Rg8 h4 55. g4 fxg4 56. Rxg4 Ra3 57. Rxh4+ Kg6 58. f5+ Kxf5 {Accuracy: White = 54%, Black = 64%.} 1/2-1/2

[Event "150 Years SG Braunschweig"]
[Site "Brunswick"]
[Date "2019.10.23"]
[Round "5.4"]
[White "Olsen, Filip Boe"]
[Black "Lubbe, Melanie"]
[Result "0-1"]
[WhiteElo "2380"]
[BlackElo "2242"]
[Annotator "TA"]
[PlyCount "70"]
[EventDate "2019.10.21"]
[EventType "tourn"]
[EventCountry "GER"]
[SourceTitle "playchess.com"]
[Source "ChessBase"]
[SourceQuality "1"]

{[%evp 12,88,79,66,81,41,97,79,93,89,106,80,87,47,61,39,35,-6,39,34,45,-25,-28,-39,-37,-62,-69,-73,-57,-56,-54,-69,-59,-76,-14,-8,-9,-23,0,0,0,8,104,118,117,117,154,139,153,158,147,106,163,91,485,-865,-860,-672,-847,-870,-870,-871,-863,-837,-823,-812,-806,-874,-735,-690,-477,-477,-264,-2169,-1465,-1443,-1443,-29993,-29994]} 1. d4 d6 2. Nf3 g6 3. c4 Bg7 4. Nc3 Nd7 5. e4 e5 6. Be3 c6 7. Be2 Nh6 {A42: Modern Defence: Averbakh Variation} (7... Ne7 8. d5 c5 9. h4 h6 10. h5 f5 11. hxg6 f4 12. Bd2 Nxg6 13. Ng1 Nf6 14. Bh5 Kf7 15. Qe2 {0-1 (39) Rapport,J (2299)-Khotenashvili,B (2476) Riadh 2017}) 8. h3 f6 (8... f5 $1 $14) 9. Qd2 Nf7 {White is better.} 10. g4 O-O 11. O-O-O a6 12. dxe5 dxe5 13. g5 $146 ({Predecessor:} 13. h4 Re8 14. Qc2 Qa5 {1-0 (29) Schuster,C (2280)-Rios,A Coronel Suarez 1992}) 13... Qe7 14. gxf6 Bxf6 15. h4 Nc5 16. b4 (16. h5 $14 Rd8 17. Qc2) 16... Ne6 $11 {Black wants to play ...a5.} 17. Na4 Rd8 18. Qb2 Rxd1+ $1 19. Rxd1 Nf4 {aiming for ...Bg4.} 20. Nb6 {Strongly threatening Bc5.} Rb8 21. Nxc8 Rxc8 22. Bf1 b5 (22... Bxh4 $17 23. c5 Bf6) 23. Qb3 Kg7 24. Bc5 Qe6 25. Qa3 $36 {[%mdl 2048] White is more active.} Qe8 26. Qxa6 {[%cal Rc4b5]} Ra8 (26... Ne6 $1 $11 {keeps the balance.}) 27. Qb7 $16 {[%cal Rc4b5]} Rxa2 {[#]} 28. Kb1 $1 {[%cal Rb1a2]} (28. cxb5 Qe6 $19) 28... Ra3 29. Ng5 $1 {[%cal Rg5f7]} Bxg5 30. hxg5 Ne6 31. Rd7 {And now Re7 would win.} Nxc5 (31... Rb3+ $16 {keeps fighting.} 32. Kc1 Ra3) 32. bxc5 $18 Rf3 $2 {[%mdl 8192]} (32... Kf8 $16) 33. Re7 $4 {[%mdl 8192]} (33. Qxc6 $18 Rb3+ 34. Kc1) 33... Qd8 $19 34. Be2 Rxf2 35. Qc7 {[#]} Qxc7 {Played: Qd8-d4} 0-1